000 00579nam a2200169Ia 4500
003 GCL
008 140319s9999 xx 000 0 ara d
040 _aGCL /
_cGCL
082 0 4 _a891.81
_bط هـ
100 1 _aطلعت السمرى (ترجمة)
245 1 0 _aهل يعود ? وقصص اخرى (هدية من الاديب عبدالفتاح الجمل) /
_cطلعت السمرى (ترجمة)
300 _a156 ص
490 _aمن روائع الادب العالمى للناشئين
_v0
650 0 4 _aالادب
650 0 4 _aالادب البلغارى
942 _2ddc
_cBK
999 _c42346
_d42346